1438 1885 1229 1374 1473 1538 1043 1099 1528 1456 1608 1426 1613 1395 1854 1404 1866 1433 1319 1269 1433 1882 1231 1949 1239 1426 1169 1181 1010 1634 1022 1155 1326 1983 1397 1438 1059 1307 1300 1050 1660 1387 1328 1612 1145 1202 1283 1055 1947 1255 1290 1173 1011 1640 1737 1851 1166 1225 1806 1833 1082 1117 1393 1975 1210 1683 1923 1850 1337 1244 1179 1470 1332 1839 1532 1088 1707 1980 1379 1439 1184 1090 1979 1040 1429 1390 1380 1954 1555 1852 1463 1701 1146 1269 1635 1116 1831 1926 1147 BCNSPRNW ULIB Ver.6.0+V

เปลี่ยนเป็นภาษาไทย

Change to English
 แสดงรายละเอียดบรรณานุกรม
  กลับหน้าหลัก

Brief Record : Get Marc (ISO 2709) : E-mail record : QR code < ปิดหน้าต่าง
LEADER : 00000nam 2200000uu 4500
001    13399121305
003     ULIB
008    121114s2546||||th 000 0 tha d
020    ^a9749023102
050  4 ^aPE1130^bS111ว
100 0  ^aThornbury, Scott
245 10 ^aวิธีสอนศัพท์ =^bHow to teach vocabulary /^cThornbury, Scott
246 31 ^aHow to teach vocabulary
250    ^aพิมพ์ครั้งที่ 1
260    ^aกรุงเทพฯ :^bPearson Education incochina,^c2546
300    ^a237 หน้า
650  7 ^aภาษาอังกฤษ^xการศึกษาและการสอน
650  7 ^aภาษาอังกฤษ^xคำศัพท์
945    ^p430^l0^i14158
995    ^aวิภา
999 ^a ทศพร
รายการนี้ยังไม่มีแท็ก
คุณยังไม่ได้ล็อกอิน คุณสามารถมีกิจกรรมร่วมกับเว็บไซต์ได้ แต่ต้องล็อกอินก่อน ::
  ล็อกอิน

รายการสื่อสารสนเทศ

ลำดับที่ ประเภท เลขเรียก/บาร์โค้ด สถานที่ สถานะ
1. วิทยาศาสตร์การแพทย์ และสุขภาพ
วิทยาศาสตร์การแพทย์ และสุขภาพ
PE1130 S111ว  
  Barcode: 14158
ห้องสมุดวิทยาเขตสวรรค์ประชารักษ์
►หนังสือทั่วไป
บนชั้น

รายการใกล้เคียง
    ผู้แต่ง [Thornbury, Scott]

    หัวเรื่อง [ภาษาอังกฤษ การศึกษาและการสอน]
    หัวเรื่อง [ภาษาอังกฤษ คำศัพท์]

BibComment


ยังไม่เคยถูกคอมเมนท์

คอมเมนท์ทรัพยากรรายการนี้
  คอมเมนท์: วิธีสอนศัพท์ Ho..


 Copyright 2026. Bcnsprnw @Library